000 00378 a2200169 4500
001 72229
020 _a
040 _cAnchieta - Colégio São Paulo
100 _aViana, Vivina de Assis
240 1 0 _aO barulho do tempo
_lpor
245 1 0 _aO barulho do tempo
300 _a[30p.]
362 0 _a1987
440 1 _aFTD
650 4 _aLiteratura infanto-juvenil
942 _cBK
999 _c72229
_d72229